[Event "HUN-chT U18"]
[Site "Zalakaros"]
[Date "2018.07.26"]
[Round "1.1"]
[White "Koltai, Dora"]
[Black "Geher, Koppany"]
[Result "0-1"]
[WhiteElo "1786"]
[BlackElo "2135"]
[PlyCount "62"]
[EventDate "2018.07.26"]
[EventType "team-swiss"]
[EventRounds "7"]
[EventCountry "HUN"]
[SourceTitle "CBM 185 Extra"]
[Source "ChessBase"]
[SourceDate "2018.07.29"]
[SourceVersion "1"]
[SourceVersionDate "2018.07.29"]
[SourceQuality "1"]
[WhiteTeam "Budapest MTK II"]
[BlackTeam "Budapest MTK"]
[WhiteTeamCountry "HUN"]
[BlackTeamCountry "HUN"]

1. e4 c5 2. c3 Nf6 3. e5 Nd5 4. d4 cxd4 5. Qxd4 e6 6. Bd3 Nc6 7. Qe4 f6 8. exf6 Nxf6 9. Qe2 Be7 10. Nf3 0-0 11. 0-0 d5 12. Nbd2 Bd6 13. Nb3 e5 14. Bb5 Bg4 15. h3 Bh5 16. Qe3 Qc7 17. Bd2 Ne7 18. Nh4 h6 19. g4 Bf7 20. Rad1 g5 21. Nf3 Ng6 22. Rfe1 Nf4 23. Nh2 a6 24. Be2 Rae8 25. Qg3 Ne4 26. Qf3 Nxd2 27. Rxd2 e4 28. Qh1 Nxh3+ 29. Kg2 Nxf2 30. Kxf2 Bxh2 31. Kg2 Qg3+ 0-1

[Event "EU-ch U14 Girls 27th"]
[Site "Mamaia"]
[Date "2017.09.11"]
[Round "6"]
[White "Koltai, Dora"]
[Black "Avelino, Camila Biscaya"]
[Result "0-1"]
[WhiteElo "1800"]
[BlackElo "1609"]
[PlyCount "56"]
[EventDate "2017.09.05"]
[EventType "swiss"]
[EventRounds "9"]
[EventCountry "ROU"]
[SourceTitle "CBM 180 Extra"]
[Source "ChessBase"]
[SourceDate "2017.10.06"]
[SourceVersion "1"]
[SourceVersionDate "2017.10.06"]
[SourceQuality "1"]

1. e4 e5 2. Nf3 Nc6 3. Bb5 a6 4. Ba4 Nf6 5. 0-0 Be7 6. Re1 b5 7. Bb3 0-0 8. c3 d5 9. exd5 Nxd5 10. Nxe5 Nxe5 11. Rxe5 c6 12. d4 Bd6 13. Re1 Qh4 14. h3 Bxh3 15. gxh3 Qxh3 16. f4 Qg3+ 17. Kh1 Nxf4 18. Bxf4 Bxf4 19. Qe2 Rae8 20. Bxf7+ Kxf7 21. Qh5+ g6 22. Qxh7+ Kf6 23. Rxe8 Rxe8 24. Na3 Re1+ 25. Rxe1 Qxe1+ 26. Kg2 Qe2+ 27. Kg1 Be3+ 28. Kh1 Qf1+ 0-1

[Event "EU-ch U14 Girls 27th"]
[Site "Mamaia"]
[Date "2017.09.08"]
[Round "4"]
[White "Koltai, Dora"]
[Black "Jarocka, Liwia"]
[Result "0-1"]
[WhiteElo "1800"]
[BlackElo "1970"]
[PlyCount "118"]
[EventDate "2017.09.05"]
[EventType "swiss"]
[EventRounds "9"]
[EventCountry "ROU"]
[SourceTitle "CBM 180 Extra"]
[Source "ChessBase"]
[SourceDate "2017.10.06"]
[SourceVersion "1"]
[SourceVersionDate "2017.10.06"]
[SourceQuality "1"]

1. e4 c5 2. c3 d5 3. exd5 Qxd5 4. d4 Nc6 5. Nf3 Bf5 6. Be2 cxd4 7. cxd4 Bxb1 8. Rxb1 e6 9. a3 Be7 10. 0-0 Bf6 11. Be3 Nge7 12. Qa4 0-0 13. Rbc1 Rfd8 14. Rfd1 Rac8 15. Qb5 Qxb5 16. Bxb5 Rd5 17. Ba4 Rcd8 18. Bxc6 Nxc6 19. Rd2 Kf8 20. Rcd1 Na5 21. g3 b5 22. Rc2 Nc4 23. a4 e5 24. axb5 exd4 25. Rxc4 dxe3 26. Rxd5 exf2+ 27. Kxf2 Rxd5 28. Rc8+ Ke7 29. Rc7+ Rd7 30. Rxd7+ Kxd7 31. Ke3 Bxb2 32. Kd3 h6 33. Nd2 Bf6 34. Nc4 Bd8 35. Ke4 Ke6 36. g4 g6 37. h3 Bc7 38. Kd4 Bb6+ 39. Ke4 f5+ 40. Kf4 fxg4 41. Kxg4 Kd5 42. Nd2 Kc5 43. Ne4+ Kxb5 44. Nd6+ Kb4 45. Nc8 Bc5 46. Nxa7 Bxa7 47. Kf4 Bf2 48. Kf3 Bh4 49. Kg4 g5 50. Kf3 Kc4 51. Ke4 h5 52. Kf3 Kd3 53. Kg2 Ke3 54. Kg1 Kf3 55. Kh2 Kf2 56. Kh1 Kg3 57. Kg1 Kxh3 58. Kh1 g4 59. Kg1 Bf6 0-1

[Event "EU-ch U14 Girls 27th"]
[Site "Mamaia"]
[Date "2017.09.06"]
[Round "2"]
[White "Koltai, Dora"]
[Black "Petrovska, Arina"]
[Result "1/2-1/2"]
[WhiteElo "1800"]
[BlackElo "1523"]
[PlyCount "71"]
[EventDate "2017.09.05"]
[EventType "swiss"]
[EventRounds "9"]
[EventCountry "ROU"]
[SourceTitle "CBM 180 Extra"]
[Source "ChessBase"]
[SourceDate "2017.10.06"]
[SourceVersion "1"]
[SourceVersionDate "2017.10.06"]
[SourceQuality "1"]

1. e4 d5 2. exd5 Qxd5 3. Nc3 Qd6 4. d4 Nf6 5. Nf3 g6 6. Bc4 Bg4 7. Be3 Bg7 8. 0-0 0-0 9. h3 Bf5 10. Ne5 c6 11. Bf4 Nd5 12. Bg3 Qd8 13. Bb3 Be6 14. Ne4 Nd7 15. Nxd7 Bxd7 16. Re1 Bf5 17. c3 Bxe4 18. Rxe4 e6 19. Bh4 Bf6 20. Bg3 Qd7 21. Qf3 Bg7 22. Rd1 Rad8 23. Bh4 Rc8 24. Bg3 Qd8 25. a4 Qb6 26. Bxd5 cxd5 27. Re2 Qb3 28. Ra1 Rc4 29. Bd6 Rd8 30. Bb4 Bf8 31. Bxf8 Rxf8 32. a5 Ra4 33. Rxa4 Qxa4 34. b4 Rc8 35. Re3 Qc2 36. Qg3 1/2-1/2

[Event "HUN-chT U18"]
[Site "Hajduboszormeny"]
[Date "2016.11.05"]
[Round "7.30"]
[White "Koltai, Dora"]
[Black "Krajnyak, Zsofia"]
[Result "1-0"]
[WhiteElo "1630"]
[BlackElo "1264"]
[PlyCount "87"]
[EventDate "2016.11.02"]
[EventType "team-swiss"]
[EventRounds "8"]
[EventCountry "HUN"]
[SourceTitle "CBM 175 Extra"]
[Source "ChessBase"]
[SourceDate "2016.12.12"]
[SourceVersion "1"]
[SourceVersionDate "2016.12.12"]
[SourceQuality "1"]

1. e4 e5 2. Nf3 Nc6 3. Bb5 a6 4. Ba4 b5 5. Bb3 Bc5 6. 0-0 Nf6 7. d3 d6 8. Bg5 h6 9. Bh4 Bg4 10. c3 0-0 11. h3 Bh5 12. Bxf6 Qxf6 13. Bd5 Rab8 14. Bxc6 Rb6 15. Bd5 c6 16. Bb3 a5 17. Nbd2 a4 18. Bc2 Rd8 19. c4 d5 20. cxd5 cxd5 21. exd5 Rxd5 22. Ne4 Qc6 23. Rc1 Qc8 24. b4 Bxf2+ 25. Rxf2 Qe8 26. Ng3 Bxf3 27. Qxf3 Rd7 28. Re1 Re7 29. Rfe2 Rc6 30. d4 Rf6 31. Qe4 g6 32. Qh4 Kg7 33. Rxe5 Rxe5 34. Rxe5 Qd8 35. Qe4 Qd7 36. Nh5+ Kf8 37. Nxf6 Qd8 38. Re8+ Qxe8 39. Qxe8+ Kg7 40. Qe5 Kf8 41. Nd7+ Kg8 42. Qe8+ Kg7 43. Qf8+ Kh7 44. Nf6# 1-0